| 000 | 00575nam a2200241Ia 4500 | ||
|---|---|---|---|
| 008 | 181129s9999 xx 000 0 und d | ||
| 020 | _a9780545133821 | ||
| 050 | _bR658 2004 | ||
| 100 | _aRobinson, Barbara | ||
| 245 | 4 | _aThe best halloween ever / | |
| 245 | 0 | _cby Barbara Robinson. | |
| 260 | _aNew York, NY : | ||
| 260 | _bScholastic, | ||
| 260 | _c2004 | ||
| 300 | _a117 pages : | ||
| 300 | _billustrations ; | ||
| 300 | _c19cm. | ||
| 500 | _a890L | ||
| 650 | _aBrothers and sisters. | ||
| 650 | _aHalloween. | ||
| 650 | _aSchools. | ||
| 700 | _aTitle. | ||
| 999 |
_c360102 _d360102 |
||